LEADER 00659naa a2200145 i 4500 001 000000303859 003 CaOOAMICUS 005 20180831172808.0 008 180831n xx u000 u und u 013 $a11639 040 $aSeMil$bita 100 1 $aRoot, Howard.$0(OLS)http://semarc/name/85229 245 12$aA 75 anni dal Congresso Pananglicano del 1908 :$bla Comunione Angl etti, 1992. P. 385-390. 773 0 $aAlberigo, Giuseppe <1926-2007>$tAnglicanesimo.$dGenova : Marietti, 1992.$kSaggi e ricerche. Teologia$z88-211-9576-7$w()39643 996 $6245$aA 75 anni dal Congresso Pananglicano del 1908 :$bla Comunione Angl etti, 1992. P. 385-390.$9(OLS)http://semarc/title/379815 LEADER 01416nam a2200289 i 4500 001 000000178964 003 CaOOAMICUS 005 20090423000000.0 008 090423s2009 it u000 u ita u 013 $a156539 040 $aSeMil$bita 245 10$a"Cammina con loro" :$bl'assistente spirituale e il malato /$ca cura del Servizio per la Pastorale della salute. 260 $a[S.l. :$bs.n.],$c2009$e(Milano :$fBoniardi,$g2009) 300 $a77 p. ;$c21 cm. 490 0 $aQuaderni di pastorale della salute ;$v3 500 $aIn testa al front. : Arcidiocesi di Milano. 650 4$aMalati - Pastorale.$0(OLS)http://semarc/subject/5581 650 4$aMalati - Assistenza - Concezione cristiana.$0(OLS)http://semarc/subject/19303 650 4$aAccompagnamento spirituale.$0(OLS)http://semarc/subject/6270 650 4$aMalati - Assistenza religiosa.$0(OLS)http://semarc/subject/12439 710 0 $aArcidiocesi di Milano : Servizio per la Pastorale della salute.$0(OLS)http://semarc/name/65864 830 0$aQuaderni di pastorale della salute ;$v3.$0(OLS)http://semarc/title/27116 850 $aSeMil 852 $aSeMil$W1$xVenegono$y1$m2F IV 9$j129730$B129730$CSeMilBibl$Z2$F141288 $81 961 $aOmaggio: Cresseri don Piero 996 $6245$a"Cammina con loro" :$bl'assistente spirituale e il malato$9(OLS)http://semarc/title/257034 996 $6260$a[S.l. :$bs.n.]$9(OLS)http://semarc/publisher/29751